| 000 | 00843nam a2200289 i 4500 | ||
|---|---|---|---|
| 001 | bg | ||
| 100 | 1 | _aStrageberg, Norman C. | |
| 245 | 9 |
_aAn introductory English grammar / _cNorman C. Stageberg, Dallin D. Oaks. |
|
| 250 | _a5th ed. | ||
| 260 |
_aBoston, USA : _bThomson Wadsworth, _ccop. 2000. |
||
| 300 |
_aXI, 481 s. ; _c24 cm. |
||
| 504 | _aIndex. | ||
| 650 | 9 |
_aJęzyk angielski _xgramatyka |
|
| 650 | 9 |
_aJęzyk angielski _xfonologia |
|
| 650 | 9 |
_aJęzyk angielski _xmorfologia |
|
| 650 | 9 |
_aJęzyk angielski _xskładnia |
|
| 700 | 1 | _aOaks, Dallin D. | |
| 020 | _a0030183847 | ||
| 020 | _a9780030183843 | ||
| 040 | _cBPK | ||
| 041 | 0 | _aeng | |
| 044 | _aUSA | ||
| 080 | _a811.111'34/'36 | ||
| 942 | _cKS | ||
| 008 | s pl f |000 0 pol | ||
| 999 |
_c55128 _d55128 |
||